ருத்ரா

Saved in:
Bibliographic Details
Main Author: ஹரி
Format: Book
Language:English
Published: சென்னை AVR பதிப்பகம் 2024
Tags: Add Tag
No Tags, Be the first to tag this record!

MARC

LEADER 00000nam a22000007a 4500
005 20251103142017.0
008 251103b |||||||| |||| 00| 0 eng d
020 |a - 
082 |a 894.8113  |b ஹரி 
100 |a ஹரி 
245 |a ருத்ரா  |c ஹரி 
260 |a சென்னை  |b AVR பதிப்பகம்  |c 2024 
300 |a 410 
942 |c BK 
999 |c 16308  |d 16308